La alfabetización digital y el desarrollo de competencias ciudadanas: modelo pedagógico y didáctico de formación ciudadana con uso de TIC's
-д хадгалсан:
| Үндсэн зохиолчид: | , , |
|---|---|
| Формат: | Ном |
| Хэл сонгох: | испани |
| Хэвлэсэн: |
Valparaíso, Chile:
Ediciones Universitarias de Valparaíso,
2012.
|
| Нөхцлүүд: | |
| Шошгууд: |
Шошго нэмэх
Шошго байхгүй, Энэхүү баримтыг шошголох эхний хүн болох!
|
MARC
| LEADER | 00000cam a2200000 a 4500 | ||
|---|---|---|---|
| 001 | UCF5462 | ||
| 003 | CL-VaPUC | ||
| 005 | 20240708094005.0 | ||
| 008 | 130307e20120000CL |||||||||||||||||spa|d | ||
| 999 | |c 351002 |d 351000 | ||
| 020 | |a 9789561705364 | ||
| 040 | |c Pontificia Universidad Católica de Valparaíso | ||
| 082 | 0 | 4 | |a 302.2 |b CON |2 21 |
| 100 | |a Contreras Guzmán, David |e autor |9 796899 | ||
| 245 | 1 | 3 | |a La alfabetización digital y el desarrollo de competencias ciudadanas: modelo pedagógico y didáctico de formación ciudadana con uso de TIC's |
| 260 | |a Valparaíso, Chile: |b Ediciones Universitarias de Valparaíso, |c 2012. | ||
| 300 | |a 188 páginas. | ||
| 500 | |a c.10-11 / Donación Rectoria 2022 | ||
| 583 | |a last modification |c 20130307 11:37:00 |k Rodrigo Vera | ||
| 650 | 0 | |a Psicología social |9 222894 | |
| 650 | 0 | |a Cambio social |9 256857 | |
| 650 | 0 | |a Tecnología de la información |9 254825 | |
| 650 | 0 | |a Comunicación digital |9 260754 | |
| 650 | 0 | |a Competencias |9 341916 | |
| 650 | 0 | |a TICs (Tecnologías de la Información y la Comunicación) |9 562522 | |
| 700 | 0 | |a Vásquez Lara, Nelson |e author |9 567422 | |
| 700 | 0 | |a Salinas Silva, Víctor Hugo |e author |9 567423 | |
| 942 | |c BK |2 ddc | ||
| 945 | |d 20130307 00:00:00 |a dcastane | ||
| 952 | |0 0 |1 0 |4 0 |6 302_200000000000000_CON_2012 |7 0 |8 A |9 454858 |a BIBEDU |b BIBEDU |d 2019-11-22 |i 4952944 |o 302.2 CON 2012 |p 4952944 |r 2019-11-22 |w 2019-11-22 |y BK |k BME | ||
| 952 | |0 0 |1 0 |4 0 |6 302_200000000000000_CON_2012 |7 0 |8 A |9 454859 |a BIBEDU |b BIBEDU |d 2019-11-22 |i 4952952 |o 302.2 CON 2012 |p 4952952 |r 2019-11-22 |w 2019-11-22 |y BK |k BME | ||
| 952 | |0 0 |1 0 |4 0 |6 302_200000000000000_CON_2012 |7 0 |8 A |9 454860 |a BIBEDU |b BIBEDU |d 2019-11-22 |i 4952960 |o 302.2 CON 2012 |p 4952960 |r 2019-11-22 |w 2019-11-22 |y BK |k BME | ||
| 952 | |0 0 |1 0 |4 0 |6 302_200000000000000_CON_2012 |7 0 |8 A |9 454861 |a BIBCUR |b BIBCUR |d 2019-11-22 |i 4952871 |o 302.2 CON 2012 |p 4952871 |r 2025-04-22 |w 2019-11-22 |y BK |k PER | ||
| 952 | |0 0 |1 0 |4 0 |6 302_200000000000000_CON_2012 |7 0 |8 A |9 454862 |a BIBGIM |b BIBGIM |d 2019-11-22 |i 4952855 |o 302.2 CON 2012 |p 4952855 |r 2025-01-15 |w 2019-11-22 |y BK |k SSL | ||
| 952 | |0 0 |1 0 |4 0 |6 302_200000000000000_CON_2012 |7 0 |8 X |9 454863 |a FDOBUD |b FDOBUD |d 2019-11-22 |i 4967933 |o 302.2 CON 2012 |p 4967933 |r 2019-11-22 |w 2019-11-22 |y BK_X |k FHP | ||
| 952 | |0 0 |1 0 |3 erb |4 0 |6 302_200000000000000_CON_2012 |7 0 |8 A |9 454864 |a BIBEDU |b BIBEDU |i 526118K |o 302.2 CON 2012 |p 526118K |r 2019-11-22 |w 2019-11-22 |y BK |z Catalogado en:20160114 |k LIT | ||
| 952 | |0 0 |1 0 |3 erb |4 0 |6 302_200000000000000_CON_2012 |7 0 |8 A |9 454865 |a BIBEDU |b BIBEDU |i 5261198 |o 302.2 CON 2012 |p 5261198 |r 2019-11-22 |w 2019-11-22 |y BK |z Catalogado en:20160114 |k LIT | ||
| 952 | |0 0 |1 0 |3 erb |4 0 |6 302_200000000000000_CON_2012 |7 0 |8 A |9 454866 |a BIBEDU |b BIBEDU |i 5261201 |o 302.2 CON 2012 |p 5261201 |r 2019-11-22 |w 2019-11-22 |y BK |z Catalogado en:20160114 |k LIT | ||
| 952 | |0 0 |1 0 |3 erb |4 0 |6 302_200000000000000_CON_2012 |7 0 |8 A |9 454867 |a BIBCUR |b BIBCUR |i 5511410 |o 302.2 CON 2012 |p 5511410 |r 2025-04-22 |w 2019-11-22 |y BK |z Catalogado en:20181031 |k PER | ||
| 952 | |0 0 |1 0 |2 ddc |4 0 |6 302_200000000000000_CON_2012 |7 0 |8 A |9 591502 |a BIBHIS |b BIBHIS |c GEN |d 2023-09-12 |e Donación |i 5658618 |o 302.2 CON 2012 |p 5658618 |r 2025-01-20 |t 10 |w 2023-09-12 |y BK |k HIS | ||
| 952 | |0 0 |1 0 |2 ddc |4 0 |6 302_200000000000000_CON_2012 |7 0 |8 A |9 591503 |a BIBHIS |b BIBHIS |c GEN |d 2023-09-12 |e Donación |i 5658625 |o 302.2 CON 2012 |p 5658625 |r 2025-01-20 |t 11 |w 2023-09-12 |y BK |k HIS | ||